[Event "Hollabrunn opJ"]
[Site "Hollabrunn"]
[Date "1998.??.??"]
[Round "3"]
[White "Medvegy, Zoltan"]
[Black "Poliakov, Dmitry"]
[Result "1-0"]
[WhiteElo "2350"]
[BlackElo "2125"]

1.e4 c5 2.Nf3 Nc6 3.d4 cxd4 4.Nxd4 Nf6 5.Nc3 d6 6.Bg5 e6 7.Qd2 h6 8.Bxf6 gxf6
9.O-O-O a6 10.f4 Qb6 11.Bc4 h5 12.Kb1 Nxd4 13.Qxd4 Qxd4 14.Rxd4 h4 15.Rf1 Rg8
16.Rd2 b5 17.Bb3 Bb7 18.a3 Rd8 19.f5 Ke7 20.Rdf2 Bg7 21.Rf4 Rh8 22.fxe6 fxe6
23.Ne2 Rh7 24.Nd4 d5 25.exd5 Bxd5 26.Bxd5 Rxd5 27.Re4 e5 28.Nf5+ Ke6 29.Rf2 h3
30.g3 Bf8 31.b4 Rhd7 32.Ree2 a5 33.c3 Rd1+ 34.Kc2 axb4 35.axb4 R1d5 36.Ne3 R5d6
37.Nf5 Rc6 38.Kb3 Rc4 39.Ne3 Re4 40.Nc2 Rg4 41.Nd4+ Rdxd4 42.cxd4 Rxd4 43.Rf4 Rd1
44.Rh4 f5 45.Rxh3 Rd4 46.Rh8 Rxb4+ 47.Kc2 Rc4+ 48.Kd1 Be7 49.Rb8 b4 50.Rb6+ Kd5
51.Rb5+ Bc5 52.Rc2 e4 53.h4 e3 54.h5 Rxc2 55.Kxc2 Kc4 56.Rb8 b3+ 57.Rxb3 e2
58.Rb1 Bb4 59.Rxb4+  1-0

[Event "HUN-chT29899"]
[Site "HUN"]
[Date "1998.??.??"]
[Round "?"]
[White "Pinter, Gabor"]
[Black "Sarosi, Zoltan"]
[Result "0-1"]
[WhiteElo "2135"]
[BlackElo "2370"]

1.e4 c5 2.Nf3 Nc6 3.d4 cxd4 4.Nxd4 Nf6 5.Nc3 d6 6.Bg5 Qb6 7.Nb3 e6 8.Bd3 Be7
9.O-O Bd7 10.Kh1 Ne5 11.Qe2 a6 12.f4 Nxd3 13.cxd3 h6 14.Bxf6 Bxf6 15.e5 Be7
16.Qg4 O-O 17.Nd5 Qd8 18.Nxe7+ Qxe7 19.Nd4 Rac8 20.a3 Rc5 21.Rae1 Rd5 22.Re4 Rc8
23.h3 Rcc5 24.Qg3 f5 25.exf6 Qxf6 26.Qf2 e5 27.fxe5 Qxf2 28.Rxf2 dxe5 29.Nb3 Rc8
30.d4 exd4 31.Rxd4 Bc6 32.Rfd2 Rcd8 33.Rxd5 Rxd5 34.Rxd5 Bxd5 35.Nd2 Kf7
36.Kg1 Ke6 37.Kf2 Ke5 38.g3 Kd4 39.Ke2 Be6 40.g4 g5 41.Nf3+ Ke4 42.Nd2+ Kf4
43.Kf2 b5 44.Nf3 Ke4 45.Ne1 Kd4 46.Nc2+ Kc4 47.Ke3 Bd5 48.Nb4 Bb7 49.Kd2 Kb3
50.Kc1 Bg2 51.Nd3 Bxh3 52.Ne5 a5 53.Kb1 b4 54.axb4 Kxb4 55.Kc2 Kc5 56.Kc3 a4
57.b4+ Kb5 58.Nf7 Bxg4 59.Nxh6 Be6 60.Kc2 Kxb4 61.Kb2 a3+ 62.Kb1 Kc3 63.Ka1 Kd4
64.Kb1 Ke5 65.Kc1 Kf6  0-1

[Event "HUN-chT9899"]
[Site "HUN"]
[Date "1998.??.??"]
[Round "?"]
[White "Paksa, Rudolf"]
[Black "Cao Sang"]
[Result "0-1"]
[WhiteElo "2275"]
[BlackElo "2495"]

1.e4 c5 2.Nf3 Nc6 3.d4 cxd4 4.Nxd4 Nf6 5.Nc3 d6 6.Bg5 e6 7.Qd2 a6 8.O-O-O Bd7
9.Kb1 Qc7 10.f4 h6 11.Bxf6 gxf6 12.f5 Be7 13.Be2 O-O-O 14.Rhe1 Ne5 15.Qe3 Kb8
16.g4 Rc8 17.Rc1 Qc5 18.Qd2 b5 19.a3 Qb6 20.h3 Rc7 21.Red1 Rhc8 22.Na2 Qb7
23.Bd3 Bf8 24.Rf1 Qb6 25.Be2 Nc4 26.Qd3 e5 27.Nb3 d5 28.Nb4 dxe4 29.Qxe4 Bxb4
30.axb4 Bc6 31.Qd3 Rd7 32.Qc3 Nd2+ 33.Nxd2 Bb7 34.Nc4 bxc4 35.Rfd1 Rd4 36.Qe3 c3
37.Rxd4 exd4 38.Qf4+ Ka8 39.b3 Qxb4 40.Rd1 Qa3 41.Qc1 Qxc1+ 42.Kxc1 Re8 43.Bc4 Bf3
44.Rg1 Ka7 45.Bxf7 Re2 46.Bc4 Rh2 47.Bd3 Rxh3 48.Kb1 Kb6 49.Ka2 Rh1 50.Rg3 Bd5
51.g5 hxg5 52.Rg4 Rh4 53.Rg1 a5 54.Re1 a4 55.Ka3 axb3 56.cxb3 Rh3 57.Bf1 Rh1
58.Kb4 g4 59.Ra1 c2  0-1

[Event "HUN-chT2 9798"]
[Site "HUN"]
[Date "1998.??.??"]
[Round "?"]
[White "Darazs, Zoltan"]
[Black "Andi, Peter"]
[Result "0-1"]
[WhiteElo "2240"]
[BlackElo "2230"]

1.e4 c5 2.Nf3 d6 3.d4 cxd4 4.Nxd4 Nf6 5.Nc3 Nc6 6.Bg5 e6 7.Qd2 a6 8.O-O-O Bd7
9.f4 b5 10.Bxf6 gxf6 11.Kb1 Qb6 12.Nf3 O-O-O 13.Bd3 Kb8 14.Ne2 h5 15.c3 Na5
16.Ned4 e5 17.Nc2 Bh6 18.g3 Bg4 19.Be2 Nc4 20.Qd5 Be6 21.Qd3 exf4 22.Qd4 Qxd4
23.Ncxd4 Bd7 24.Bxc4 bxc4 25.Nd2 Rc8 26.Kc2 Rhg8 27.b3 cxb3+ 28.axb3 fxg3
29.hxg3 Bxd2 30.Rxd2 Rxg3 31.Rd3 Rg2+ 32.Rd2 Rxd2+ 33.Kxd2 Re8 34.Kd3 Re5
35.Nf3 Rc5 36.Rf1 f5 37.Nd4 fxe4+ 38.Kxe4 Re5+ 39.Kf4 Kb7 40.Kg3 Be6 41.Rf3 Re4
42.b4 Kb6 43.Rd3 Bc4 44.Rf3 Bd5 45.Rf6 Rg4+ 46.Kh3 Rg6 47.Rf2 Be6+ 48.Kh4 Rg1
49.Kxh5 Rg3 50.Rd2 Rxc3 51.Nxe6 fxe6 52.Rxd6+ Rc6 53.Rd4 Kb5 54.Kg5 Rc4 55.Rd6 e5
56.Kf5 e4 57.Kf4 Rxb4 58.Ke3 a5 59.Rd1 a4 60.Ra1 Kc5 61.Rc1+ Kd5 62.Rd1+ Ke5
63.Ra1 Rb3+ 64.Kd2 a3 65.Kc2 Rd3 66.Rf1 Kd4 67.Re1 Rc3+ 68.Kd2 e3+ 69.Ke2 Rc2+
70.Kf3 Rf2+ 71.Kg3 Kd3 72.Ra1 a2 73.Re1 Re2 74.Ra1 Rd2 75.Kf3 e2  0-1

[Event "HUN-chT2 9798"]
[Site "HUN"]
[Date "1998.??.??"]
[Round "?"]
[White "Gaber, Jozsef"]
[Black "Andi, Peter"]
[Result "1/2-1/2"]
[WhiteElo "2190"]
[BlackElo "2230"]

1.e4 c5 2.Nf3 d6 3.d4 cxd4 4.Nxd4 Nf6 5.Nc3 Nc6 6.Bg5 e6 7.Qd2 a6 8.O-O-O Bd7
9.f4 b5 10.a3 Qb6 11.Nb3 Ng4 12.f5 Nce5 13.h3 Nf6 14.Qd4 Qxd4 15.Nxd4 Be7
16.Nf3 Nxf3 17.gxf3 Nh5 18.Rg1 Bc6 19.Ne2 g6 20.fxe6 fxe6 21.h4 Bxg5+ 22.hxg5 Ke7
23.Bh3 Rhf8 24.Bg4 Nf4  1/2-1/2

[Event "HUN-chT9899"]
[Site "HUN"]
[Date "1998.??.??"]
[Round "?"]
[White "Sax, Gyula"]
[Black "Cao Sang"]
[Result "1/2-1/2"]
[WhiteElo "2525"]
[BlackElo "2495"]

1.e4 c5 2.Nf3 Nc6 3.d4 cxd4 4.Nxd4 Nf6 5.Nc3 d6 6.Bg5 e6 7.Qd2 a6 8.O-O-O Bd7
9.f4 Qc7 10.Nf3 h6 11.Bh4 Rc8 12.Kb1 b5 13.e5 dxe5 14.fxe5 Nd5 15.Nxd5 exd5
16.Qxd5 Be6 17.Qd2 g5 18.Bf2 Bg7 19.Bc5 Nxe5 20.Bd6 Nc4 21.Bxc4 Qxc4 22.b3 Qc3
23.Qxc3 Bxc3 24.Nd4 Bxd4 25.Rxd4  1/2-1/2

[Event "HUN-chT9899"]
[Site "HUN"]
[Date "1998.??.??"]
[Round "?"]
[White "Anka, Emil"]
[Black "Cao Sang"]
[Result "1-0"]
[WhiteElo "2435"]
[BlackElo "2495"]

1.e4 c5 2.Nf3 Nc6 3.d4 cxd4 4.Nxd4 Nf6 5.Nc3 d6 6.Bg5 e6 7.Qd2 a6 8.O-O-O h6
9.Be3 Bd7 10.f3 Qc7 11.g4 b5 12.Bd3 Ne5 13.Kb1 Rc8 14.h4 b4 15.Nce2 d5 16.g5 dxe4
17.fxe4 Nfg4 18.gxh6 gxh6 19.Bxa6 Ra8 20.Bd3 Bc5 21.Nc1 Nxd3 22.Qxd3 Nxe3
23.Qxe3 Ke7 24.Qf3 Bxd4 25.Rxd4 Rhc8 26.Qf2 e5 27.Rxb4 Be6 28.a3 Ra6 29.Rf1 Rc6
30.c3 Rd8 31.Ka1 Ke8 32.Rg1 Ke7 33.Rf1 Ke8 34.Qg3 Rc4 35.Rxc4 Qxc4 36.Re1 Qb5
37.Qe3 Rb8 38.Qd2 Qb7 39.Kb1 Ke7 40.Re2 Bc4 41.Re1 Be6 42.Na2 Qd7 43.Qe3 Rg8
44.Nb4 Rg2 45.Qxh6 Qa4 46.Qc1 Qb3 47.h5 f6 48.h6 Kf7 49.Rh1 Kg8 50.Rg1 Qxb2+
51.Qxb2 Rxg1+ 52.Qc1 Rxc1+ 53.Kxc1 Kh7 54.a4 Kxh6 55.Kd2 Kg5 56.Ke3 f5 57.a5 Bc8
58.a6 f4+ 59.Kf3 Kf6 60.a7 Bb7 61.c4 Ke7 62.c5 Ke6 63.Nd5 Kd7 64.Nb6+ Kc6
65.a8=Q  1-0

[Event "HUN-chT9899"]
[Site "HUN"]
[Date "1998.??.??"]
[Round "?"]
[White "Grabics, Monika"]
[Black "Seres, Lajos"]
[Result "0-1"]
[WhiteElo "2355"]
[BlackElo "2420"]

1.e4 c5 2.Nf3 Nc6 3.d4 cxd4 4.Nxd4 Nf6 5.Nc3 d6 6.Bg5 e6 7.Qd3 a6 8.O-O-O Bd7
9.Be2 b5 10.Rhe1 Be7 11.f4 b4 12.Nb1 O-O 13.Bf3 Qb6 14.Nb3 Rfd8 15.Bxf6 Bxf6
16.N1d2 Qc7 17.g4 a5 18.g5 Be7 19.Kb1 e5 20.f5 a4 21.Na1 Bxg5 22.Rg1 h6 23.Qc4 Rac8
24.Bh5 Be8 25.Nf3 Bf6 26.Rg2 Qb6 27.Rdg1 Nd4 28.Qd3 Kf8 29.Nxd4 Qxd4 30.Qf3 d5
31.a3 dxe4 32.Qh3 Rb8 33.axb4 Qxb4 34.c3 Qb6 35.c4 Rd3 36.Qg4 Qd4 37.Re1 a3
38.b3 Rdxb3+ 39.Nxb3 Rxb3+ 40.Kc1 Qc3+  0-1

[Event "HUN-chT9899"]
[Site "HUN"]
[Date "1998.??.??"]
[Round "?"]
[White "Joo, Gabor"]
[Black "Gara, Ticia"]
[Result "0-1"]
[WhiteElo "2070"]
[BlackElo "2245"]

1.e4 c5 2.Nf3 d6 3.d4 cxd4 4.Nxd4 Nf6 5.Nc3 Nc6 6.Bg5 e6 7.Qd2 a6 8.O-O-O h6
9.Be3 Be7 10.f3 Bd7 11.Be2 b5 12.Nxc6 Bxc6 13.a3 Rb8 14.Na2 a5 15.Kb1 Qc7
16.g4 d5 17.exd5 Nxd5 18.Nc3 Nxe3 19.Qxe3 b4 20.axb4 axb4 21.Na2 Bd5 22.c4 bxc3
23.Qxc3 Bxa2+ 24.Kxa2 Qa7+ 25.Kb1 O-O 26.Qd4 Qa5 27.Qd2 Bb4  0-1

[Event "HUN-chT9899"]
[Site "HUN"]
[Date "1998.??.??"]
[Round "?"]
[White "Lengyel, Bela"]
[Black "Kiss, Attila"]
[Result "1-0"]
[WhiteElo "2385"]
[BlackElo "2340"]

1.e4 c5 2.Nf3 Nc6 3.d4 cxd4 4.Nxd4 Nf6 5.Nc3 d6 6.Bg5 e6 7.Bb5 Bd7 8.O-O Be7
9.Nb3 a6 10.Be2 Qc7 11.f4 h6 12.Bh4 b5 13.a3 O-O 14.Kh1 Rfe8 15.Bg3 b4 16.axb4 Nxb4
17.Bf3 e5 18.fxe5 dxe5 19.Ra5 Bd6 20.Be2 Be6 21.Ra4 Rab8 22.Nd2 Red8 23.Qc1 Qc6
24.Ra1 Nd7 25.Nf3 f6 26.Nh4 Bf8 27.Bh5 Nc5 28.Bg6 Rb7 29.Rf3 Rbd7 30.Be1 Bf7
31.Bf5 Be6 32.h3 Bxf5 33.exf5 Ne4 34.Ng6 Bc5 35.Nxe4 Qxe4 36.Bxb4 Bxb4 37.c3 Bc5
38.b4 Bb6 39.Qf1 Rd3 40.Re1 Rxf3 41.gxf3 Qd3 42.Qxd3 Rxd3 43.Ra1 Rxc3 44.Rxa6 Bd8
45.Ra8 Rd3 46.b5 Kf7 47.b6 Ke8 48.b7  1-0

[Event "HUN-chT9899"]
[Site "HUN"]
[Date "1998.??.??"]
[Round "?"]
[White "Sziebert, Adam"]
[Black "Nagy, Andras"]
[Result "1/2-1/2"]
[WhiteElo "2330"]
[BlackElo "2240"]

1.e4 c5 2.Nf3 Nc6 3.d4 cxd4 4.Nxd4 Nf6 5.Nc3 d6 6.Bg5 e6 7.Qd2 a6 8.O-O-O h6
9.Bf4 Bd7 10.Nxc6 Bxc6 11.f3 d5 12.Qe1 Bb4 13.a3 Ba5 14.b4 Bb6 15.exd5 Bxd5
16.Be5 O-O 17.Qh4 Be3+ 18.Kb2 Nd7 19.Qxd8 Rfxd8 20.Nxd5 exd5 21.Bd4 Bxd4+
22.Rxd4 Nf6 23.Bd3 Re8 24.Rd1 Re3 25.Bf1 Rc8 26.c4 dxc4 27.Rxc4 Rxc4 28.Rd8+ Re8
29.Rxe8+ Nxe8 30.Bxc4 Nd6 31.Kc3 Kf8 32.Kd4 Ke7 33.Bd3 Kd7 34.Kd5 Ne8 35.a4 Nd6
36.g3 Kc7 37.h4 Nc8 38.a5 Ne7+ 39.Kc5 Nc6 40.f4 Ne7 41.g4 Ng6 42.f5 Ne5 43.Be2 Nc6
44.g5 hxg5 45.hxg5 f6 46.g6 Ne7 47.Bd3 Nc6 48.Bc2 Ne7 49.Be4 Nc8 50.Bd3 Ne7
51.Bc2 Nc6 52.Be4 Ne7 53.b5 axb5 54.Kxb5 Nc8 55.Bc2 Na7+ 56.Kc5 Nc6 57.Ba4 Ne7
58.Bc2 Nc6  1/2-1/2

[Event "HUN-chT 9798"]
[Site "Hungary"]
[Date "1998.??.??"]
[Round "?"]
[White "Kerek, Krisztian"]
[Black "Mann, Gerald"]
[Result "1-0"]
[WhiteElo "2290"]
[BlackElo "2280"]

1.e4 c5 2.Nf3 Nc6 3.d4 cxd4 4.Nxd4 Nf6 5.Nc3 d6 6.Bg5 e6 7.Qd2 a6 8.O-O-O Bd7
9.f4 b5 10.Bxf6 gxf6 11.Kb1 Qb6 12.Nxc6 Bxc6 13.f5 h5 14.fxe6 fxe6 15.Qf4 Qc5
16.Bd3 Be7 17.Rhe1 Kf7 18.g3 Rag8 19.Ne2 a5 20.c3 Rg5 21.Nd4 e5 22.Qf2 exd4
23.cxd4 Qb6 24.h4 Rg4 25.Bc2 a4 26.Qf5 b4 27.e5 b3 28.axb3 axb3 29.Bd3 Qxd4
30.exd6 Bxd6 31.Qe6+ Kg7 32.Bf5 Qa4 33.Rxd6 Qa2+ 34.Kc1 Rf8 35.Rxc6 Qa5 36.Rc3  1-0

[Event "HUN-chT 9798"]
[Site "Hungary"]
[Date "1998.??.??"]
[Round "?"]
[White "Kiss, Gedeon"]
[Black "Tancsa, Robert"]
[Result "1-0"]
[WhiteElo "2190"]
[BlackElo "2130"]

1.e4 c5 2.Nf3 d6 3.d4 cxd4 4.Nxd4 Nf6 5.Nc3 Nc6 6.Bg5 e6 7.Qd2 a6 8.O-O-O h6
9.Be3 Nxd4 10.Bxd4 b5 11.f3 Be7 12.Kb1 Qa5 13.Qf2 Rb8 14.h4 b4 15.Ne2 e5
16.Ba7 Rb7 17.Nc1 Be6 18.Be3 d5 19.Nb3 Qa4 20.Bc5 O-O 21.Bxe7 Rxe7 22.g4 d4
23.Rg1 Qc6 24.g5 Nh5 25.gxh6 g6 26.Rg5 Bxb3 27.axb3 Kh7 28.Bc4 f6 29.Rg4 Rc8
30.Rdg1 Nf4 31.Rxf4 exf4 32.Qg2 Qe8 33.Qg4 Rc5 34.Qxf4 Qf8 35.Bd5 Re5 36.Qd2 Qc8
37.Qxd4 Rxc2 38.Bc4 Rh2 39.Qa7+ Kxh6 40.Qf7  1-0

[Event "CRO-ch U19"]
[Site "Hvar"]
[Date "1998.??.??"]
[Round "7"]
[White "Budimir, Milan"]
[Black "Jovanovic, Zoran2"]
[Result "1/2-1/2"]
[WhiteElo "2210"]
[BlackElo "2190"]

1.e4 d6 2.Nf3 Nf6 3.Nc3 c5 4.d4 cxd4 5.Nxd4 Nc6 6.Bg5 Bd7 7.Qd2 Nxd4 8.Qxd4 Qa5
9.f4 e5 10.Qd2 Be7 11.O-O-O Bc6 12.Bxf6 Bxf6 13.f5 Be7  1/2-1/2

[Event "ISL-chT 9798"]
[Site "Iceland"]
[Date "1998.??.??"]
[Round "?"]
[White "Arnason, Jon L"]
[Black "Thorhallsson, Throstur"]
[Result "0-1"]
[WhiteElo "2535"]
[BlackElo "2500"]

1.e4 c5 2.Nf3 d6 3.d4 cxd4 4.Nxd4 Nf6 5.Nc3 Nc6 6.Bg5 e6 7.Qd3 Be7 8.Rd1 a6
9.Be2 Qa5 10.Bc1 O-O 11.Nb3 Qc7 12.Qg3 b5 13.Bh6 Ne8 14.O-O b4 15.Na4 Ne5
16.Be3 Rb8 17.f4 Nc4 18.Bxc4 Qxc4 19.Ba7 Rb7 20.Nb6 Qc7 21.Nxc8 Qxc8 22.Bd4 Qxc2
23.Rfe1 Qc8 24.Rc1 Rc7 25.Rxc7 Qxc7 26.Qd3 e5 27.Rc1 Qd8 28.Be3 exf4 29.Bxf4 Bg5
30.Bxg5 Qxg5 31.Rc6 a5 32.Ra6 Nf6 33.Rxa5 Qh4 34.g3 Qg4 35.Rb5 Re8 36.Qxd6 Qxe4
37.Rb8 Qb1+ 38.Kg2 Qxb2+ 39.Kh3 Qxa2 40.Rxe8+ Nxe8 41.Qxb4 Qe2 42.Nd2 h5
43.Qe4 Qb5 44.Nc4 Nf6 45.Qd4 Ng4 46.Qf4 Qd7 47.Kh4 Nxh2 48.Ne5 Qe6 49.Kxh5 Qh3+
50.Kg5 f6+  0-1

[Event "South California-ch"]
[Site "Irvine"]
[Date "1998.??.??"]
[Round "5"]
[White "Peters, John A"]
[Black "Van Buskirk, Charles"]
[Result "1/2-1/2"]
[WhiteElo "2470"]
[BlackElo "2265"]

1.e4 c5 2.Nf3 d6 3.d4 cxd4 4.Nxd4 Nf6 5.Nc3 Nc6 6.Bg5 e6 7.Qd2 Be7 8.O-O-O Nxd4
9.Qxd4 a6 10.e5 dxe5 11.Qxe5 Bd7 12.h4 Rc8 13.Rh3 Qc7 14.Qe2 O-O 15.Rg3 Kh8
16.Rd4 Bc6 17.Bf4 Qa5 18.Be5 Ne8 19.Qh5 f5 20.Qe2 Nf6 21.h5 h6 22.Rh3 Ne4  1/2-1/2

[Event "South California-ch"]
[Site "Irvine"]
[Date "1998.??.??"]
[Round "6"]
[White "Longren, William B"]
[Black "Hermansen, Ron"]
[Result "1-0"]
[WhiteElo "2320"]
[BlackElo "2205"]

1.e4 c5 2.Nf3 d6 3.d4 cxd4 4.Nxd4 Nf6 5.Nc3 Nc6 6.Bg5 e6 7.Bb5 Bd7 8.Bxc6 Bxc6
9.Qf3 Rc8 10.O-O-O Be7 11.Nxc6 Rxc6 12.e5 Qa5 13.Bxf6 gxf6 14.exd6 Bxd6 15.Ne4 Be7
16.Qg3 Qc7 17.Qg7 Qf4+ 18.Kb1 Rf8 19.Rd4 Qf5 20.Qg3 e5 21.Qd3 Qe6 22.Rd5 Rg8
23.Rd1 Kf8 24.Ng3 Rg6 25.Rd7 e4 26.Nxe4 Rb6 27.Ng3 Kg8 28.Nf5 Bf8 29.Rd8 Rg5
30.Qa3  1-0

[Event "Heart of Finland op"]
[Site "Jyvaskyla"]
[Date "1998.??.??"]
[Round "?"]
[White "Sorsa, Nuutti"]
[Black "Yrjola, Jouni"]
[Result "0-1"]
[WhiteElo "2250"]
[BlackElo "2410"]

1.e4 c5 2.Nf3 d6 3.d4 cxd4 4.Nxd4 Nf6 5.Nc3 Nc6 6.Bg5 e6 7.Qd2 a6 8.O-O-O Bd7
9.f3 h6 10.Be3 b5 11.Nxc6 Bxc6 12.Qf2 Qc7 13.Bd3 Nd7 14.Rhe1 Ne5 15.Bf1 Be7
16.Qg3 Ng6 17.Qf2 O-O 18.Kb1 b4 19.Ne2 d5 20.exd5 Bxd5 21.Nd4 Qxh2 22.Qd2 Bh4
23.Bf2 Bxf2 24.Qxf2 Rfd8 25.b3 Qc7 26.g3 Bb7 27.f4 Ne7 28.Bc4 Nd5 29.Bxd5 Rxd5
30.Rd2 Rad8 31.Red1 Qc5 32.Qe3 a5 33.Rd3 Ba6 34.R3d2 R5d7 35.Qe4 Qc3 36.Qe5 Rd5
37.Qe4 Bb7 38.Rd3 Rxd4 39.Qxb7 Rxd3 40.Rxd3 Rxd3 41.Qa8+ Kh7 42.Qe4+ f5 43.Qxd3 Qxd3
44.cxd3 Kg6  0-1

[Event "Karvina op"]
[Site "Karvina"]
[Date "1998.??.??"]
[Round "?"]
[White "Kornilovich, Vitaly"]
[Black "Belunek, Vladimir"]
[Result "1/2-1/2"]
[WhiteElo "2305"]
[BlackElo "2240"]

1.e4 c5 2.Nf3 d6 3.d4 cxd4 4.Nxd4 Nf6 5.Nc3 Nc6 6.Bg5 e6 7.Qd2 a6 8.O-O-O Bd7
9.f4 Be7 10.Nf3 b5 11.Bxf6 gxf6 12.Kb1 Qb6 13.f5 O-O-O 14.g3 Kb8 15.Bh3 Bc8
16.Qh6 Qc5 17.Rhf1 Rde8 18.Ne2 Bd8 19.Ned4 Ne5 20.Nb3 Qb6 21.Nxe5 dxe5 22.Rd3 Bb7
23.Nd2  1/2-1/2

[Event "Kiev-ch"]
[Site "Kiev"]
[Date "1998.??.??"]
[Round "2"]
[White "Gerasimchuk, Oleg"]
[Black "Mishchenko, Victor"]
[Result "1-0"]
[WhiteElo "2370"]
[BlackElo "2225"]

1.e4 c5 2.Nf3 Nc6 3.d4 cxd4 4.Nxd4 Nf6 5.Nc3 d6 6.Bg5 e6 7.Qd2 a6 8.O-O-O h6
9.Bf4 Bd7 10.Nxc6 Bxc6 11.f3 d5 12.Qe1 Bb4 13.a3 Ba5 14.Qe3 Qe7 15.exd5 Bxd5
16.Ne4 Nxe4 17.fxe4 Bc6 18.Bg3 f6 19.Bc4 Bxe4 20.Bd6 Qf7 21.Qb3 Bf5 22.Bc5 Qc7
23.Qa4+ Qc6 24.Qxa5 b5 25.Bxe6 Bxe6 26.Rd6 Qxc5 27.Rxe6+ Kf7 28.Rxa6 Rhc8
29.c3 Qg5+ 30.Kb1 Qxg2 31.Rd1 Rxa6 32.Qxa6 Rc7 33.Qxb5 Qxh2 34.Qd5+ Kg6 35.a4 h5
36.a5 h4 37.Qe4+ f5 38.Qe6+ Kg5 39.a6 Qf2 40.Rd6 Qf1+ 41.Kc2 Qf2+ 42.Kd3 Qc5
43.Qg6+ Kf4 44.Rd4+ Ke5 45.Rxh4 Qb5+ 46.Kc2 Qc5 47.Ra4 Qb5 48.Qg3+ Kf6 49.Qd6+ Kg5
50.Qf4+ Kf6 51.a7 Rd7 52.a8=Q Qd3+ 53.Kb3  1-0

[Event "Kiev-ch"]
[Site "Kiev"]
[Date "1998.??.??"]
[Round "7"]
[White "Gerasimchuk, Oleg"]
[Black "Shishkin, Vadim"]
[Result "0-1"]
[WhiteElo "2370"]
[BlackElo "2415"]

1.e4 c5 2.Nf3 Nc6 3.d4 cxd4 4.Nxd4 Nf6 5.Nc3 d6 6.Bg5 e6 7.Qd2 a6 8.O-O-O Bd7
9.f4 b5 10.Nxc6 Bxc6 11.Bd3 b4 12.e5 Be7 13.Bxf6 gxf6 14.exf6 Bxf6 15.Ne4 Bxe4
16.Bxe4 d5 17.Bd3 Qb6 18.g4 Qd4 19.Bb5+ axb5 20.Qxd4 Bxd4 21.Rxd4 Rxa2 22.Kb1 b3
23.cxb3 Ra7 24.Rc1 Kd7 25.Rc5 Rb8 26.g5 b4 27.Rc2 Kd6 28.Rf2 f6 29.gxf6 Rf7
30.Kc2 Rxf6 31.Rd3 Rbf8 32.Rdf3 R8f7 33.Kd3 e5 34.fxe5+ Kxe5 35.Rxf6 Rxf6
36.Rg2 Rg6 37.Ke3  0-1

[Event "Kishinev (Women)"]
[Site "Kishinev"]
[Date "1998.??.??"]
[Round "3"]
[White "Skripchenko, Almira"]
[Black "Kovalevskaya, Ekaterina"]
[Result "1/2-1/2"]
[WhiteElo "2400"]
[BlackElo "2390"]

1.e4 c5 2.Nf3 d6 3.d4 cxd4 4.Nxd4 Nf6 5.Nc3 Nc6 6.Bg5 a6 7.Qd2 Nxd4 8.Qxd4 Qa5
9.f4 e5 10.Qd2 Be7 11.f5 b5 12.Bxf6 Bxf6 13.Qd5 Ra7 14.Qc6+ Ke7 15.Kf2 Rd8
16.b4 Qa3 17.Nd5+ Kf8 18.Bd3 Bb7 19.Qb6 Bxd5 20.Qxa7 Qxb4 21.Rhe1 Bc6 22.c3  1/2-1/2

[Event "Chebanenco mem 1st"]
[Site "Kishinev"]
[Date "1998.??.??"]
[Round "5"]
[White "Iordachescu, Viorel"]
[Black "Lanka, Zigurds"]
[Result "1/2-1/2"]
[WhiteElo "2520"]
[BlackElo "2525"]

1.e4 c5 2.Nf3 Nc6 3.d4 cxd4 4.Nxd4 Nf6 5.Nc3 d6 6.Bg5 e6 7.Qd2 a6 8.O-O-O h6
9.Be3 Bd7 10.f4 Be7 11.Kb1 b5 12.Bd3 O-O 13.a3 Nxd4 14.Bxd4 Bc6 15.Qe3 Qb8
16.e5 dxe5 17.fxe5 Nd5 18.Nxd5 Bxd5 19.Rhf1 Qb7 20.Rf6 Bc4 21.Be4 Bd5 22.Bd3 Bc4
23.Be4 Bd5  1/2-1/2

[Event "Kishinev (Women)"]
[Site "Kishinev"]
[Date "1998.??.??"]
[Round "5"]
[White "Peptan, Corina"]
[Black "Kovalevskaya, Ekaterina"]
[Result "1/2-1/2"]
[WhiteElo "2410"]
[BlackElo "2390"]

1.e4 c5 2.Nf3 d6 3.d4 cxd4 4.Nxd4 Nf6 5.Nc3 Nc6 6.Bg5 a6 7.Qd2 Nxd4 8.Qxd4 Qa5
9.Qd2 e6 10.O-O-O Be7 11.Kb1 b5 12.Bd3 b4 13.Ne2 O-O 14.h4 Rb8 15.f3 e5 16.Bc4 Be6
17.Bb3 Rfd8 18.Ng3 Qc7 19.Bxf6 Bxf6 20.Nf1 a5 21.Ne3 Qd7 22.Bd5 a4 23.g4 Be7
24.g5 Rdc8 25.Qe2 Bd8 26.Qa6 Bb6 27.Nc4 Bd4 28.Rxd4 exd4 29.Nb6 Qc7 30.Nxc8 Rxc8
31.Qd3 Bxd5 32.exd5 Qc5 33.Rd1 Qxd5 34.Qxd4 Qxf3 35.Qxd6 Rf8 36.Qd5 Qf2 37.h5 Qg3
38.h6 b3 39.cxb3 axb3 40.hxg7 Kxg7 41.axb3 Qg4 42.Rf1 Qh5 43.Rf6 Qh2 44.Ra6 Re8
45.Ka2 Re2 46.Qd4+ Qe5 47.Rd6 Qxd4 48.Rxd4 Re5 49.Rg4 Ra5+ 50.Kb1 Kg6 51.b4 Rb5
52.Kc2 Kh5 53.Rf4 Kg6 54.Rg4  1/2-1/2

[Event "Klatovy op-A"]
[Site "Klatovy"]
[Date "1998.??.??"]
[Round "?"]
[White "Flaisigova, Petra"]
[Black "Snajdr, Jiri"]
[Result "0-1"]
[WhiteElo "1860"]
[BlackElo "2100"]

1.e4 c5 2.Nf3 Nc6 3.d4 cxd4 4.Nxd4 Nf6 5.Nc3 d6 6.Bg5 e6 7.Qd2 a6 8.O-O-O Bd7
9.f3 Be7 10.h4 b5 11.Kb1 Qc7 12.Bxf6 Bxf6 13.Ndxb5 axb5 14.Nxb5 Qa5 15.Nxd6+ Kf8
16.Qxa5 Nxa5 17.Nxf7 Kxf7 18.Rxd7+ Kg6 19.Bb5 Rab8 20.a4 Rhc8 21.f4 Rd8 22.h5+ Kh6
23.e5 Rxd7 24.Bxd7 Be7 25.Bxe6 Rb4 26.Rf1 Rxa4 27.g4 Nc4 28.Rh1 Nd2+ 29.Kc1 Ra1+
30.Kxd2 Rxh1 31.Bf7 g6 32.hxg6 hxg6 33.f5 gxf5 34.gxf5 Kg5 35.Be6 Kf4 36.Kc3 Kxe5
37.Kb3 Rh2 38.Bd7 Kd6 39.Bb5 Kc5 40.Bd3 Kd4 41.Ka4 Rh8 42.Kb3 Rb8+ 43.Ka2 Ra8+
44.Kb1 Ra5 45.Kc1 Bg5+ 46.Kb1 Ke3 47.b4 Ra4 48.Kb2 Rxb4+ 49.Kc3 Rd4 50.Kb3 Rf4
51.Kc3 Bf6+ 52.Kb3 Kd2  0-1

[Event "Klatovy op-A"]
[Site "Klatovy"]
[Date "1998.??.??"]
[Round "?"]
[White "Gruss, H."]
[Black "Blecha, M."]
[Result "1-0"]
[WhiteElo "1860"]
[BlackElo "2070"]

1.e4 c5 2.Nf3 Nc6 3.d4 cxd4 4.Nxd4 Nf6 5.Nc3 d6 6.Bg5 Bd7 7.f4 Qb6 8.Bxf6 gxf6
9.Ndb5 a6 10.Nd5 Qa5+ 11.Nbc3 Bg7 12.f5 b5 13.a3 Rc8 14.Bd3 Ne5 15.O-O Bc6
16.Qe2 Nd7 17.b4 Qd8 18.a4 e6 19.fxe6 fxe6 20.Qh5+ Kf8 21.Nf4 Qe7 22.axb5 axb5
23.Nxb5 Bxb5 24.Bxb5 Ne5 25.Ra3 Ng6 26.Qxg6 hxg6 27.Nxg6+ Kf7 28.Nxe7 Kxe7
29.Ra7+ Kf8 30.Bd7 Rxc2 31.Bxe6 Rh4 32.Rf7+  1-0

[Event "Klatovy op-A"]
[Site "Klatovy"]
[Date "1998.??.??"]
[Round "?"]
[White "Gruss, H."]
[Black "Tejkal, Jiri"]
[Result "1/2-1/2"]
[WhiteElo "1860"]
[BlackElo "2010"]

1.e4 c5 2.Nf3 Nc6 3.d4 cxd4 4.Nxd4 Nf6 5.Nc3 d6 6.Bg5 e6 7.Qd2 a6 8.f4 Be7
9.O-O-O Bd7 10.Nxc6 Bxc6 11.Bd3 b5 12.e5 dxe5 13.fxe5 Nd7 14.Bxe7 Qxe7 15.Rhe1 Rc8
16.Qf4 Nc5 17.Ne4 Bxe4 18.Bxe4 Nxe4 19.Rxe4 Qc5 20.Re2 O-O 21.Qe3 Qc4 22.Kb1 Rfd8
23.Red2 Rxd2 24.Qxd2 h6 25.b3 Qe4 26.Re1 Qf5 27.a3 Rc5 28.Qd8+ Kh7 29.Qd3 Qxd3
30.cxd3 Rc3 31.Kb2 Rxd3 32.Kc2 Rd5 33.Kc3 a5 34.Re3 g5 35.g4 Kg6 36.a4 b4+
37.Kc4 h5 38.h3 h4 39.Re4 Kg7 40.Re3 Kf8 41.Re2 Ke7 42.Re3 Kd7 43.Rd3 Rxd3
44.Kxd3 Kc6 45.Kd4 Kb6  1/2-1/2

[Event "Klatovy op-B"]
[Site "Klatovy"]
[Date "1998.??.??"]
[Round "?"]
[White "Kafka, Ladislav"]
[Black "Dolezal, Radoslav Jr"]
[Result "1-0"]
[WhiteElo "1775"]
[BlackElo "2290"]

1.e4 c5 2.Nf3 Nc6 3.d4 cxd4 4.Nxd4 d6 5.Nc3 Nf6 6.Bg5 e6 7.Qd2 Be7 8.O-O-O a6
9.f4 O-O 10.Kb1 Ne8 11.Bxe7 Nxe7 12.g4 Bd7 13.Bd3 b5 14.Rdf1 Qb6 15.e5 b4
16.Ne4 Qxd4 17.Nf6+ Kh8 18.Nxd7 Rg8 19.Qg2 Ra7 20.Bxh7 g6 21.Bxg8 Kxg8 22.Rd1 Qc4
23.Rxd6 Nd5 24.Nf6+ Ndxf6 25.Rd8 Rd7 26.Ra8 Qd4 27.Rc1 Kg7 28.exf6+ Nxf6
29.Qh3 Ng8 30.f5 Qd5 31.f6+ Kxf6 32.Qh8+ Kg5 33.Rxg8 Kxg4 34.Qf6 a5 35.Rg1+  1-0

[Event "Korinthos op"]
[Site "Korinthos"]
[Date "1998.??.??"]
[Round "5"]
[White "Andreou, A."]
[Black "Kotronias, Vasilios"]
[Result "0-1"]
[WhiteElo "2270"]
[BlackElo "2570"]

1.e4 c5 2.Nf3 Nc6 3.d4 cxd4 4.Nxd4 Nf6 5.Nc3 d6 6.Bg5 Qb6 7.Nb3 e6 8.Bf4 Ne5
9.Be3 Qc7 10.f4 Nc6 11.g4 a6 12.g5 Nd7 13.Qd2 b5 14.Qf2 Bb7 15.Bd3 Nb4 16.a3 Nxd3+
17.cxd3 Nc5 18.Nxc5 dxc5 19.O-O Rd8 20.Rfd1 h6 21.g6 fxg6 22.Rac1 Bd6 23.Ne2 O-O
24.Bxc5 Bxc5 25.Rxc5 Qd6 26.e5 Qe7 27.Qe3 g5 28.fxg5 Rf3 29.Qc1 hxg5 30.Rc7 Rd7
31.Rxd7 Qxd7 32.Qxg5 Qd5 33.Rf1 Rxd3  0-1

[Event "RUS-ch sf"]
[Site "Krasnodar"]
[Date "1998.??.??"]
[Round "?"]
[White "Tseshkovsky, Vitaly"]
[Black "Astrahantsev, Anatoly"]
[Result "1-0"]
[WhiteElo "2510"]
[BlackElo "2305"]

1.e4 c5 2.Nf3 d6 3.d4 cxd4 4.Nxd4 Nf6 5.Nc3 Nc6 6.Bg5 e6 7.Qd2 a6 8.O-O-O Bd7
9.f4 b5 10.Bxf6 gxf6 11.Kb1 Qb6 12.Nce2 h5 13.g3 O-O-O 14.f5 Kb8 15.fxe6 fxe6
16.Bh3 Bh6 17.Nxc6+ Bxc6 18.Qd4 Qxd4 19.Nxd4 Bxe4 20.Rhe1 f5 21.Nxe6 Rc8
22.Nd4 Rc5 23.Re2 Rhc8 24.Rxe4 fxe4 25.Bxc8 Kxc8 26.c3 Kd7 27.Re1 d5 28.Rd1 b4
29.Nb3 Rc6 30.Rxd5+ Rd6 31.Nc5+ Kc6 32.Rxd6+ Kxd6 33.Nxe4+ Ke5 34.Nc5 bxc3
35.bxc3 Be3 36.Nxa6 Bg1 37.h3 Bf2 38.g4 h4 39.c4 Kd4 40.c5 Kd5 41.Nb4+ Kc4
42.c6  1-0